000 02042nam0a2200397 4500
001 RU\NLR\BIBL_A\012219458
005 20200303160007.0
010 _a978-5-906019-05-9
_9500
021 _aRU
_bКН-П-19-102940
_9КН-П-19-7579
035 _a(NLR Aleph) 012219458
035 _a(RuMoRGB)010217175
090 _a10925453
_c10925453
100 _a20200214d2016 k y0rusy50 ca
101 0 _arus
102 _aRU
105 _aachzzz00001zy
181 0 _ai
_baxxe
182 0 _an
200 1 _aПять столетий каучука и резины, эпоха натурального каучука
_e[монография]
_fАгаянц И. М.
_g[Федеральное агентство по образованию РФ, Московская государственная академия тонкой химической технологии имени М.В. Ломоносова, ООО Научно-производственный коммерческий центр ВЕСКОМ]
203 _aТекст
_bвизуальный
_cнепосредственный
210 _aМосква
_cВЕСКОМ
_d2016
215 _a432 с.
_cил., портр., табл., факс.
_d20
311 _aМонография является расш. и доп. изд. первой части кн. "Пять столетий каучука и резины"
320 _aБиблиогр.: с. 404-420
320 _aИмен. указ.: с. 421-431
488 0 _12001#$aПять столетий каучука и резины
_tПять столетий каучука и резины
606 1 _aРезина
_91309891
_3RU\NLR\AUTH\66226587
606 1 _aКаучук
_91095642
_3RU\NLR\AUTH\66430568
686 1 _aЛ72
700 1 _7ca
_8rus
_aАгаянц
_bИ. М.
_f1937-2016
_gИван Михайлович
_9105912
_3RU\NLR\AUTH\77122987
942 _cBOOK
980 _aNBR
980 _aNB